000 00935nam a22002537a 4500
999 _c13173
_d13173
003 AR-CdUCM
008 190411b ||||| |||| 00| 0 spa d
040 _aMUNICIPALIDAD PROVINCIAL DEL CUSCO
_cBIBLIOTECA MUNICIPAL DEL CUSCO
041 _hrus
082 _a301.15 /
_bP26
100 _aPariguín, B.D.
_931404
245 _aLa psicología social como ciencia /
260 _aMontevideo :
_bEdiciones Pueblos Unidos,
_c1967.
300 _a249 páginas ;
_c20 cm.
500 _aAntes del título, Universidad Estatal de Leningrado.
505 _aContenido: La psicología social: un poco de historia -- Metodología de la psicología social -- Cuestiones teóricas -- La psicología social aplicada.
650 _aPsicología
_91538
650 _aSocial
_92020
650 _aRusia
_9499
650 _aHistoria
_9136
700 _aVidal Roget, Augusto (traducción)
_931405
942 _2ddc
_cLIBROS
945 _aachl
_d2019-04-11